BIBLIOTHÈQUE DE LA MAISON DU MEXIQUE

Logo 1 Logo 2

El asesino de la palabra vacía (notice nᵒ 5302)

détails MARC
000 -Sello discográfico
campo de control de longitud fija 01203nam0a2200313 4500
005 - Identificación de versión
campo de control 20251016084442.0
010 ## - Número Estándar Internacional de Libros (ISBN)
Número (ISBN) 968-834-727-2
035 ## - Otros números de control del sistema
Número de control del sistema 33346
099 ## - fechas locales
Tipo de ítem Koha LIBRO
100 ## - Datos de procesamiento general
Datos de procesamiento general 20111103d2006 m y0spay5003 ba
105 ## - Campo de datos codificados: Material textual, monográfico
Datos codificados de monografía y 001ay
200 1# - Título y mención de responsabilidad
Título propio El asesino de la palabra vacía
Designación general del material texto impreso
Otra información del título recorridos y lecturas desde la otra Europa
Primer mención de responsabilidad Héctor Orestes Aguilar
205 ## - Declaración de edición
Declaración de edición 1a ed
210 ## - Publicación, distribución, etc.
Lugar de publicación, distribución, etc. México
Nombre del editor, distribuidor, etc. Universidad Veracruzana
Fecha de publicación, distribución, etc. 2006
215 ## - Descripción física
Designación de material específico y extensión del ítem 152 p
Dimensiones 21 cm
300 ## - Notas generales
Texto de la nota Los escritos aquí reunidos fueron publicados en diferentes medios mexicanos entre los años 1992 y 2004
345 ## - Nota de información de adquisición
Fuente de adquisición/dirección de la suscripción [OBSOLETO] Donación 'Salon du Livre 2009'
410 #1 - Series
Título Biblioteca
606 ## - Término temático usado como materia
Elemento de entrada Autores austriacos
Subdivisión cronológica Siglo XX
Subdivisión temática Historia y crítica
Número Koha 10537
606 ## - Término temático usado como materia
Elemento de entrada Literatura alemana
Subdivisión cronológica Siglo XX
Subdivisión temática Historia y crítica
Número Koha 10538
607 ## - Nombre geográfico utilizado como tema
Elemento de entrada Europa central
Subdivisión temática Vida intelectual
Número Koha 10539
700 ## - Nombre personal - Responsabilidad primaria
Elemento de entrada Orestes Aguilar
Parte del nombre distinta del elemento de entrada Héctor
Fechas 1963-
Número Koha 10540
801 #0 - Fuente de origen
País FR
Agencia cm
Reglas de catalogación (convenciones descriptivas) AFNOR
900 ## -
-- 1/20764
942 ## - ELEMENTOS DE ENTRADA SECUNDARIOS (KOHA)
Tipo de ítem Koha Livre
996 ## -
-- MEX
-- 751145101
-- MMAG
-- 000680
-- 830.90 O669A
-- 20111103LIV
Exemplaires
Estatus retirado Estado de daño Estado de pérdida Fecha de adquisición Biblioteca de origen Biblioteca actual Ubicación en estantería Código de barras Precio de reemplazo Signatura topográfica completa No para préstamo Tipo de ítem Koha Nota pública Nota no pública
      05/08/2025 Casa México Paris Casa México Paris   000680 05/08/2025 830.90 O669A   Livre 20111103LIV 751145101